000 01174cam a2200349Ma 4500
001 9240602
003 ARRUPE
005 20130924115128.0
008 110107s2011 enkb 001 0 eng d
020 _a9780230239784 (pbk)
020 _a0230239781 (pbk)
024 _a99946871764
035 _a(OCoLC)720536172
035 _a(OCoLC)ocn720536172
035 _a(NNC)9240602
040 _aUNITY
_beng
_cUNITY
_dYDXCP
_dNhCcYBP
050 4 _aDD175
_b.W55 2011
100 1 _aWilson, Peter H.
_q(Peter Hamish)
_9893
245 1 4 _aThe Holy Roman Empire, 1495-1806 /
_cby Peter H. Wilson.
250 _a2nd ed.
260 _aBasingstoke ;
_aNew York :
_bPalgrave Macmillan,
_c2011.
300 _axvi, 156 p. :
_bmaps ;
_c22 cm.
490 1 _aStudies in European history
500 _aPrevious ed.: Basingstoke: Macmillan, 1999.
504 _aIncludes bibliographical references and index.
651 0 _aHoly Roman Empire
_xHistory
_y1517-1648.
_9894
651 0 _aHoly Roman Empire
_xHistory
_y1648-1804.
_9895
830 0 _aStudies in European history (Basingstoke, England)
_9896
942 _2lcc
_cMONOGRAPH
948 1 _a20120306
_bc
_cdk2679
_dMPS
999 _c117953
_d117953